Journal of financial management and analysis. (Record no. 25687)

MARC details
000 -LEADER
fixed length control field 01505cas a2200373 a 4500
001 - CONTROL NUMBER
control field 11369506
005 - DATE AND TIME OF LATEST TRANSACTION
control field 20031214185315.0
008 - FIXED-LENGTH DATA ELEMENTS--GENERAL INFORMATION
fixed length control field 881116c19889999ii fr p s 0 a0eng d
010 ## - LIBRARY OF CONGRESS CONTROL NUMBER
LC control number 90640754
022 ## - INTERNATIONAL STANDARD SERIAL NUMBER
International Standard Serial Number 0970-4205
030 ## - CODEN DESIGNATION
CODEN JFANE9
035 ## - SYSTEM CONTROL NUMBER
System control number (OCoLC)ocm18767483
037 ## - SOURCE OF ACQUISITION
Source of stock number/acquisition Om Sai Ram Centre for Financial Management Research and Training, 15, Prakash Co-op Housing Society, Relief Road, Juhu Santacruz (W) Bombay 400 054, India
040 ## - CATALOGING SOURCE
Original cataloging agency MH-BA
Transcribing agency MH-BA
Modifying agency MH
-- ICRL
-- DLC
-- OUCA
-- ICRL
-- InU
-- OCoLC
042 ## - AUTHENTICATION CODE
Authentication code lc
050 ## - LIBRARY OF CONGRESS CALL NUMBER
Classification number HG4001
Item number .J68
082 ## - DEWEY DECIMAL CLASSIFICATION NUMBER
Classification number 658.1505
Edition number 20
245 ## - TITLE STATEMENT
Title Journal of financial management and analysis.
246 ## - VARYING FORM OF TITLE
Title proper/short title JFMA
260 ## - PUBLICATION, DISTRIBUTION, ETC. (IMPRINT)
Place of publication, distribution, etc Bombay, India :
Name of publisher, distributor, etc Om Sai Ram Centre for Financial Management Research and Training,
Date of publication, distribution, etc [1988-
300 ## - PHYSICAL DESCRIPTION
Extent v. ;
Dimensions 28 cm.
310 ## - CURRENT PUBLICATION FREQUENCY
Current publication frequency Semiannual
362 ## - DATES OF PUBLICATION AND/OR SEQUENTIAL DESIGNATION
Dates of publication and/or sequential designation Vol. 1, no. 1 (Jan. 1988)-
500 ## - GENERAL NOTE
General note Title from cover.
590 ## - LOCAL NOTE (RLIN)
Local note SERBIB/SERLOC merged record
650 ## - SUBJECT ADDED ENTRY--TOPICAL TERM
Topical term or geographic name as entry element Corporations
General subdivision Finance
Form subdivision Periodicals.
710 ## - ADDED ENTRY--CORPORATE NAME
Corporate name or jurisdiction name as entry element Om Sai Ram Centre for Financial Management Research and Training.
270 ## - ADDRESS
Address 15 Prakash Cooperative Housing Society Relief Road, Santacruz (West)
City Mumbai
Terms preceding attention name 400054
906 ## - LOCAL DATA ELEMENT F, LDF (RLIN)
a 7
b cbc
c serials
d 3
e ncip
f 19
g n-oclcserc
942 ## - ADDED ENTRY ELEMENTS (KOHA)
Source of classification or shelving scheme Dewey Decimal Classification
Item type Periodicals
Classification part 658.1505
Call number suffix JOU
Serial record 1
Holdings
Withdrawn status Lost status Source of classification or shelving scheme Damaged status Not for loan Collection code Home library Current library Date acquired Total Checkouts Full call number Date last seen Price effective from Koha item type
    Dewey Decimal Classification   Not For Loan Non-fiction D.B.Act.Division D.B.Act.Division 08/04/2009   658.1505 JOU 08/04/2009 08/04/2009 Periodicals

© Delhi Public Library
Hit Counter
free hit counter